| 000 | 00913nam a22003015i 4500 | ||
|---|---|---|---|
| 999 |
_c58747 _d58747 |
||
| 001 | 19472631 | ||
| 005 | 20220714103414.0 | ||
| 008 | 170130s2017 ohu 000 0 eng | ||
| 010 | _a 2017932525 | ||
| 020 | _a9789386650887 | ||
| 040 |
_aDLC _beng _erda _cDLC |
||
| 042 | _apcc | ||
| 100 | 1 |
_aSegui, William T. _914385 |
|
| 245 | 1 | 0 |
_aSteel design / _cWilliam T. Segui. |
| 250 | _a6th edition. | ||
| 263 | _a1705 | ||
| 264 | 1 |
_aMason, OH : _bCengage Learning, _c2017. |
|
| 300 |
_a747.: pages _b28 cm. |
||
| 336 |
_atext _btxt _2rdacontent |
||
| 337 |
_aunmediated _bn _2rdamedia |
||
| 338 |
_avolume _bnc _2rdacarrier |
||
| 653 | _aSteel design | ||
| 653 | _aფოლადის დიზაინი | ||
| 653 | _aსამშენებლო, რკინა და ფოლადი | ||
| 906 |
_a0 _bibc _corignew _d2 _eepcn _f20 _gy-gencatlg |
||
| 942 |
_2udc _cBK |
||
| 955 | _apc22 2017-01-30 | ||